| 000 | 00425nam a2200121Ia 4500 | ||
|---|---|---|---|
| 008 | 160609s9999 xx 000 0 und d | ||
| 100 | _aParecki, Andrea DeBruin. | ||
| 245 | _aDeveloping Early Comprehension – Laying The Foundation For Reading Success | ||
| 245 | _cBy:Andrea DeBruin-Parecki, Anne van Kleeck | ||
| 260 | _c2015 | ||
| 650 | _xREADING | ||
| 856 | _uhttp://file.ebook777.com/003/DevEarComLayTheFouForReaSuc.pdf | ||
| 999 |
_c295853 _d295853 |
||